Zoología neotropical: actas del VIII Congreso Latinoamericano de Zoología
Saved in:
| Hovedforfatter: | |
|---|---|
| Format: | Bog |
| Sprog: | spansk |
| Udgivet: |
Caracas
s.n
1980
|
| Fag: | |
| Tags: |
Tilføj Tag
Ingen Tags, Vær først til at tagge denne postø!
|
MARC
| LEADER | 00000nam a2200000 a 4500 | ||
|---|---|---|---|
| 001 | UCT1526 | ||
| 003 | CL-VaPUC | ||
| 005 | 20230904111508.0 | ||
| 008 | 960927e19800000ve 1 spa d | ||
| 999 | |c 382740 |d 382738 | ||
| 040 | |c Pontificia Universidad Católica de Valparaíso | ||
| 082 | 0 | 4 | |a 591.9 SAL 1980 |2 21 |
| 100 | 1 | |a Salinas, Pedro José |9 617997 | |
| 245 | 1 | 0 | |a Zoología neotropical: actas del VIII Congreso Latinoamericano de Zoología |
| 260 | |a Caracas |b s.n |c 1980 | ||
| 300 | |a 2 t | ||
| 518 | |p Congreso Latinoamericano de Zoología, 8, Mérida, 5 al 11 de Octubre de 1980 | ||
| 546 | |a En Español | ||
| 583 | |a last modification |c 20160907 08:12:20 |k Rodrigo Vera | ||
| 650 | 0 | 0 | |a Zoología |9 261613 |
| 650 | 0 | 0 | |a Ecología |9 258124 |
| 650 | 0 | 0 | |a Animales |9 269820 |
| 650 | 0 | 0 | |a Entomología |9 269835 |
| 650 | 0 | 0 | |a Biología |9 262022 |
| 650 | 0 | 0 | |a Parásitos |9 346252 |
| 650 | 0 | 0 | |a Parasitología |9 338528 |
| 650 | 0 | 7 | |a REGIONES TROPICALES |2 CL-VaPUC |9 264291 |
| 651 | 0 | |a América |9 255182 | |
| 942 | |c BK |2 ddc | ||
| 945 | |a paguirre |d 19960927 00:00:00 | ||
| 952 | |0 0 |1 0 |2 ddc |4 0 |6 591_900000000000000_SAL_1980 |7 0 |8 A |9 504605 |a BIBCUR |b BIBCUR |d 2020-01-23 |h t.1 |i 1750860 |o 591.9 SAL 1980 |p 1750860 |r 2025-04-22 |t 1 |w 2020-01-23 |y BK |k BCB | ||
| 952 | |0 0 |1 0 |2 ddc |4 0 |6 591_900000000000000_SAL_1980 |7 0 |8 A |9 504606 |a BIBCUR |b BIBCUR |d 2020-01-23 |h t.1 |i 4768205 |l 4 |o 591.9 SAL 1980 |p 4768205 |q 2026-03-18 |r 2025-03-18 |s 2025-03-18 |t 2 |w 2020-01-23 |y BK |k BIO | ||
| 952 | |0 0 |1 0 |2 ddc |4 0 |6 591_900000000000000_SAL_1980 |7 0 |8 A |9 504607 |a BIBCUR |b BIBCUR |d 2020-01-23 |h t.2 |i 4768191 |l 4 |o 591.9 SAL 1980 |p 4768191 |q 2026-03-18 |r 2025-03-18 |s 2025-03-18 |t 1 |w 2020-01-23 |y BK |k BIO | ||